Vol. 79, № 2,034; The Electrician

Bibliographische Detailangaben
Parent link:The Electrician: the technical newspaper of the electrical industry. Vol. 79, № 2,034.— , 1902-1917, 1922-1935, 1943-1944, 1946-1952
Sprache:Englisch
Veröffentlicht: 1917
Format: Buchkapitel
KOHA link:https://koha.lib.tpu.ru/cgi-bin/koha/opac-detail.pl?biblionumber=544576

MARC

LEADER 00000naa2a2200000 4500
001 544576
005 20260413112630.0
035 |a (RuTPU)RU\TPU\prd\236358 
035 |a RU\TPU\prd\236341 
090 |a 544576 
100 |a 20150514a1917 k||y0rusy50 ba 
101 0 |a eng 
102 |a GB 
200 0 |a Vol. 79, № 2,034 
210 |d 1917 
461 1 |0 (RuTPU)RU\TPU\prd\207  |t The Electrician  |o the technical newspaper of the electrical industry  |v Vol. 79, № 2,034  |d 1902-1917, 1922-1935, 1943-1944, 1946-1952 
801 0 |a RU  |b 63413507  |c 20010227  |g PSBO 
801 1 |a RU  |b 63413507  |c 20141208 
801 2 |a RU  |b 63413507  |c 20150514  |g RCR 
942 |c BK